Regiony Polski z największą długością życia - Statystyki

Ogólne statystyki
  • Ten quiz został rozwiązany 14 razy
  • Średni wynik to 7 z 15
Statystyki odpowiedzi
Oczekiwana
długość życia
mężczyzn
Oczekiwana
długość życia
kobiet
Nazwa regionu % Poprawnych
76,69 82,72 Warszawa
85%
76,13 82,89 Wrocław
85%
76,98 82,98 Trójmiejski
77%
77,11 82,88 Kraków
69%
76,07 82,70 Opolski
62%
76,39 82,36 Poznań
62%
75,71 83,70 Białostocki
54%
76,12 83,45 Nowotarski
46%
76,59 83,46 Rzeszowski
46%
76,13 83,36 Krośnieński
31%
75,87 82,95 Nowosądecki
23%
75,61 83,26 Przemyski
23%
75,88 84,09 Tarnobrzeski
23%
76,25 83,27 Krakowski
15%
76,56 83,90 Tarnowski
15%
Nie znaleziono quizów pasujących do podanych kryteriów
Rozkład punktacji
Procent ludzi z każdym wynikiem
Percentyl według liczby udzielonych odpowiedzi
Twoja historia wyników
Nie rozwiązałeś tego quizu